|
|
|
|
| LEADER |
00000nam0a2200000 4500 |
| 001 |
281103 |
| 005 |
20231101235354.0 |
| 020 |
|
|
|a RU
|b 86-27315
|
| 035 |
|
|
|a (RuTPU)RU\TPU\book\304743
|
| 090 |
|
|
|a 281103
|
| 100 |
|
|
|a 20150119d1986 m a0rusy5003 ca
|
| 101 |
0 |
|
|a rus
|
| 102 |
|
|
|a RU
|
| 105 |
|
|
|a y j 001zy
|
| 200 |
1 |
|
|a Медицинская аппаратура для исследования нервной, сердечно-сосудистой и дыхательной систем организма человека
|e учебное пособие
|f А. И. Рогачев
|g Северо-Западный заочный политехнический институт (СЗПИ)
|
| 210 |
|
|
|a Ленинград
|c Изд-во СЗПИ
|d 1986
|
| 215 |
|
|
|a 81 с.
|c ил.
|d 20 см
|
| 320 |
|
|
|a Библиогр.: с. 81 (14 назв.)
|
| 606 |
1 |
|
|a Инструменты медицинские
|2 stltpush
|3 (RuTPU)RU\TPU\subj\12731
|9 39464
|
| 610 |
1 |
|
|a медицинские приборы
|
| 610 |
1 |
|
|a нервная система
|
| 610 |
1 |
|
|a дыхательные органы
|
| 610 |
1 |
|
|a сердечно-сосудистая система
|
| 610 |
1 |
|
|a исследование
|
| 610 |
1 |
|
|a медико-биологическая информация
|
| 610 |
1 |
|
|a регистрация
|
| 610 |
1 |
|
|a учебные пособия
|
| 675 |
|
|
|a 615.47(075.4)
|z rus
|v 3
|
| 700 |
|
1 |
|a Рогачев
|b А. И.
|g Александр Иванович
|4 070
|
| 712 |
0 |
2 |
|a Северо-Западный заочный политехнический институт (СЗПИ)
|c (Ленинград)
|2 stltpush
|3 (RuTPU)RU\TPU\col\2602
|
| 801 |
|
0 |
|a RU
|b RuMRKP
|c 19950704
|g psbo
|
| 801 |
|
1 |
|a RU
|b 63413507
|c 20150119
|
| 801 |
|
2 |
|a RU
|b 63413507
|c 20170317
|g RCR
|
| 942 |
|
|
|c BK
|